Statistiques concernant Les Consoles de jeux vidéo les plus vendues

Cliquez ici pour prendre le quiz!

Statistiques générales

  • Ce quiz a été pris 148 fois
  • Le résultat moyen est 18 sur 33

Statistiques - réponses

RangDate de sortieUnités vendues (en millions)Console% Correct
1er2000155,0PlayStation 2
98%
5e2013117,2PlayStation 4
98%
8e200687,4PlayStation 3
97%
15e202050,00PlayStation 5
96%
20e200124,65Xbox
95%
6e1994102,4PlayStation
93%
7e2006101,63Wii
92%
2e2004154,02Nintendo DS
90%
3e2017139,36Nintendo Switch
89%
9e200584Xbox 360
83%
14e201351-58 (estimation)Xbox One
83%
4e1989118,69Game Boy/Game Boy Color
80%
24e201213,56Wii U
80%
21e200121,74GameCube
73%
11e200480-82,5 (estimation)PlayStation Portable
69%
12e201175,94Nintendo 3DS
68%
22e202021Xbox Series X-S
67%
23e201110-15 (estimation)PlayStation Vita
63%
13e198361,91Nintendo Entertainment System
57%
18e199632,93Nintendo 64
39%
16e199049,10Super Nintendo
38%
10e200181,51Game Boy Advance
33%
17e198834,06Mega Drive
31%
28e19949,5Saturn
25%
29e19989,3Dreamcast
23%
19e197727,64Atari 2600
22%
25e198613,0Master System
16%
26e199010,62Game Gear
10%
27e198710,0PC-Engine / TurboGrafx-16
7%
33e19864,3Atari 7800
3%
31e19896Atari Lynx
3%
30e19916Mega-CD
3%
32e19984,55PocketStation
2%

Distribution des résultats

Percentile par nombre de réponses

% des personnes avec chaque résultat

Votre développement - résultats

Vous n’avez pas pris ce quiz